| 000 | 00603nam a22001695i 4500 | ||
|---|---|---|---|
| 001 | 159204 | ||
| 003 | ES-MaACL | ||
| 005 | 20230906211503.0 | ||
| 008 | 021025s1881 fr |||| | fre d | ||
| 040 |
_aCCPB | B _bspa _cCCPB | B |
||
| 100 | 1 |
_aMaurice, Ferdinand. _9129743 |
|
| 245 | 1 | 3 |
_aLa politique extérieure de la République française / _cpar Fernand Maurice. |
| 260 |
_aParis : _bLibrairie Germer Baillière et C\pie\s, _c1881 ( _fTypographie Georges Chamerot) |
||
| 300 |
_a269 p. ; _c18 cm. |
||
| 651 | 4 |
_aFrancia- _xPolítica exterior. _9137182 |
|
| 852 |
_aES-MaACL _jG-8049 _z-- Enc. pasta |
||
| 999 |
_c159204 _d159204 |
||